Sports Quiz

Random Sports or Auto Racing Quiz

Formula One Drivers (1986 Season) Quiz Stats

 Plays Quiz not verified by Sporcle

Challenge
Share
Tweet
Embed
Score 0/33 Timer 03:00
1 Play Today
Team Driver % Correct
Marlboro McLaren InternationalAlain Prost
96.7%
John Player Special Team LotusAyrton Senna
96%
Canon Williams Honda TeamNigel Mansell
93.4%
Canon Williams Honda TeamNelson Piquet
91.4%
Marlboro McLaren InternationalKeke Rosberg
88.1%
Team Haas LtdAlan Jones
84.8%
Benetton Formula LtdGerhard Berger
84.1%
Scuderia Ferrari SpA SEFACStefan Johansson
84.1%
Data General Team TyrrellMartin Brundle
83.4%
Barclay Arrows BMWThierry Boutsen
82.8%
Equipe LigierRené Arnoux
82.1%
Motor Racing DevelopmentsRiccardo Patrese
81.5%
Scuderia Ferrari SpA SEFACMichele Alboreto
80.1%
Osella Squadra CorseAllen Berg
78.8%
Minardi Team SpAAndrea de Cesaris
78.8%
Equipe LigierJacques Laffite
78.8%
Benetton Formula LtdTeo Fabi
78.1%
Team Driver % Correct
Motor Racing DevelopmentsDerek Warwick
75.5%
Team Haas LtdEddie Cheever
75.5%
Barclay Arrows BMWMarc Surer
74.8%
West Zakspeed RacingJonathan Palmer
72.8%
Team Haas LtdPatrick Tambay
72.8%
Motor Racing DevelopmentsElio de Angelis
70.9%
John Player Special Team LotusJohnny Dumfries
70.2%
Barclay Arrows BMWChristian Danner
68.2%
Osella Squadra CorseChristian Danner
68.2%
Minardi Team SpAAlessandro Nannini
67.5%
Equipe LigierPhilippe Alliot
62.9%
Data General Team TyrrellPhilippe Streiff
60.9%
Osella Squadra CorsePiercarlo Ghinzani
58.9%
Jolly Club SpAIvan Capelli
55%
West Zakspeed RacingHuub Rothengatter
54.3%
Osella Squadra CorseAlex Caffi
48.3%

You're not logged in!

Compare scores with friends on all Sporcle quizzes.
OR
Log In

You Might Also Like...

Show Comments

Extras

Top Quizzes Today


Score Distribution

Your Account Isn't Verified!

In order to create a playlist on Sporcle, you need to verify the email address you used during registration. Go to your Sporcle Settings to finish the process.

Report this User

Report this user for behavior that violates our Community Guidelines.

Details: